Toutes les communes de Loire-Atlantique sur une carte - Statistiques

Statistiques générales
  • Ce quiz a été pris 4 869 fois
  • Le résultat moyen est 66 sur 207
Réponses sur la Carte
Les réponses sont colorées sur une échelle allant du rouge au vert en fonction du pourcentage des utilisateurs qui les ont devinées à leur premier essai. Vous pouvez retrouver ces pourcentages ci-dessous.
 
Statistiques - réponses
Population Commune % Correct
320 732 Nantes
97%
71 887 Saint-Nazaire
92%
16 886 Pornic
88%
16 160 La Baule-Escoublac
84%
49 067 Saint-Herblain
82%
42 993 Rezé
81%
7 533 Loireauxence
74%
7 042 Divatte-sur-Loire
73%
4 339 La Chapelle-des-Marais
73%
19 981 La Chapelle-sur-Erdre
73%
27 438 Orvault
73%
11 828 Pornichet
73%
16 042 Guérande
72%
804 La Chapelle-Glain
72%
3 414 La Chapelle-Heulin
72%
3 194 La Chapelle-Launay
72%
12 016 Châteaubriant
71%
20 463 Carquefou
70%
27 958 Saint-Sébastien-sur-Loire
70%
11 081 Ancenis-Saint-Géréon
68%
14 473 Saint-Brevin-les-Pins
64%
7 507 Clisson
63%
4 114 Le Croisic
62%
25 879 Vertou
62%
7 325 Sucé-sur-Erdre
57%
20 450 Bouguenais
56%
22 680 Couëron
56%
9 198 Nort-sur-Erdre
55%
10 086 Blain
54%
15 417 Sainte-Luce-sur-Loire
53%
9 283 Savenay
53%
5 297 Saint-Michel-Chef-Chef
52%
4 024 Le Pouliguen
51%
9 410 Basse-Goulaine
50%
5 954 Haute-Goulaine
48%
6 485 Vallons-de-l'Erdre
48%
9 213 Saint-Philbert-de-Grand-Lieu
47%
11 030 Pontchâteau
46%
7 626 Machecoul-Saint-Même
45%
2 600 Saint-Mars-de-Coutais
45%
5 236 Saint-Mars-du-Désert
45%
8 109 Donges
44%
4 889 La Turballe
44%
1 724 Saint-Étienne-de-Mer-Morte
44%
7 578 Saint-Étienne-de-Montluc
44%
8 473 Sautron
44%
9 412 Vallet
43%
6 372 La Montagne
42%
2 822 Batz-sur-Mer
41%
6 407 Héric
41%
4 216 Nozay
41%
10 704 Thouaré-sur-Loire
41%
8 102 Bouaye
40%
8 900 Les Sorinières
39%
4 087 Indre
38%
3 206 La Bernerie-en-Retz
38%
7 216 Montoir-de-Bretagne
38%
3 008 Paimbœuf
38%
2 368 Piriac-sur-Mer
38%
7 505 Saint-Julien-de-Concelles
38%
959 Saint-Julien-de-Vouvantes
38%
3 259 Mauves-sur-Loire
37%
10 054 Treillières
37%
7 111 Sainte-Pazanne
36%
8 101 Trignac
36%
5 251 Le Pellerin
35%
5 970 Saint-Jean-de-Boiseau
35%
3 800 Cordemais
34%
5 239 Guémené-Penfao
34%
7 088 Herbignac
34%
3 936 Oudon
34%
1 226 Préfailles
34%
4 594 Saint-Père-en-Retz
34%
8 517 Le Loroux-Bottereau
33%
3 984 Le Cellier
32%
2 285 Notre-Dame-des-Landes
32%
6 813 Saint-André-des-Eaux
32%
2 336 Saint-Hilaire-de-Chaléons
32%
2 325 Saint-Hilaire-de-Clisson
32%
6 606 Grandchamps-des-Fontaines
31%
6 328 Vigneux-de-Bretagne
31%
2 056 Abbaretz
30%
3 511 Derval
30%
2 632 Joué-sur-Erdre
30%
751 Le Pin
30%
3 705 Fay-de-Bretagne
29%
2 981 Port-Saint-Père
29%
3 973 Saint-Aignan-Grandlieu
29%
3 280 Saint-Nicolas-de-Redon
29%
5 013 Villeneuve-en-Retz
29%
3 927 Le Bignon
28%
1 805 Les Moutiers-en-Retz
28%
4 057 Aigrefeuille-sur-Maine
27%
7 049 Chaumes-en-Retz
27%
4 448 La Plaine-sur-Mer
27%
5 371 Ligné
27%
2 088 Mesquer
27%
3 818 Petit-Mars
27%
1 632 Vue
27%
4 950 Gorges
26%
4 694 La Haie-Fouassière
26%
2 032 Le Temple-de-Bretagne
26%
5 265 Plessé
26%
4 109 Saint-Joachim
26%
2 140 Saint-Lumine-de-Clisson
26%
2 278 Saint-Lumine-de-Coutais
26%
3 305 Le Pallet
25%
3 564 Malville
25%
5 432 Missillac
25%
3 989 Saffré
25%
3 761 Saint-Gildas-des-Bois
25%
1 875 Assérac
24%
6 690 Pont-Saint-Martin
24%
3 081 Bouvron
23%
2 480 Casson
23%
4 633 Legé
23%
4 962 Saint-Lyphard
23%
3 949 Campbon
22%
3 157 Château-Thébaud
22%
3 746 Gétigné
22%
1 071 La Boissière-du-Doré
22%
1 842 Le Gâvre
22%
365 Mouais
22%
3 134 Rouans
22%
2 444 Avessac
21%
3 228 Frossay
21%
3 688 Geneston
21%
2 535 Les Touches
21%
2 874 Mouzillon
21%
2 358 Riaillé
21%
2 805 Saint-Molf
21%
4 040 Vieillevigne
21%
2 658 Corsept
20%
5 951 La Chevrolière
20%
4 726 Mésanger
20%
1 148 Puceul
20%
2 964 Sainte-Anne-sur-Brivet
20%
3 206 Saint-Malo-de-Guersac
20%
1 102 Trans-sur-Erdre
20%
2 051 Vay
20%
2 965 Chauvé
19%
3 378 Guenrouet
19%
1 804 Issé
19%
3 118 Le Landreau
19%
3 476 Prinquiau
19%
1 996 Soudan
19%
4 807 Vair-sur-Loire
19%
2 862 Brains
18%
2 541 Couffé
18%
2 302 Fégréac
18%
1 536 La Chevallerais
18%
771 Lavau-sur-Loire
18%
1 236 Saint-Fiacre-sur-Maine
18%
1 044 Bouée
17%
3 003 Crossac
17%
1 748 La Grigonnais
17%
2 730 Saint-Viaud
17%
3 249 Besné
16%
2 722 Boussay
16%
2 288 Drefféac
16%
769 Grand-Auverné
16%
2 780 La Planche
16%
1 524 Marsac-sur-Don
16%
1 967 Moisdon-la-Rivière
16%
3 238 Montbert
16%
1 942 Mouzeil
16%
2 156 Rougé
16%
1 531 Saint-Vincent-des-Landes
16%
339 Soulvache
16%
1 808 Teillé
16%
1 408 Jans
15%
3 023 Maisdon-sur-Sèvre
15%
427 Petit-Auverné
15%
997 Pierric
15%
1 435 Quilly
15%
1 949 Remouillé
15%
1 741 Saint-Aubin-des-Châteaux
15%
3 428 Saint-Colomban
15%
1 999 Saint-Léger-les-Vignes
15%
3 045 Erbray
14%
2 487 La Limouzinière
14%
1 548 La Meilleraye-de-Bretagne
14%
2 316 Monnières
14%
2 408 Sainte-Reine-de-Bretagne
14%
1 653 Sévérac
14%
941 Treffieux
14%
1 152 Cheix-en-Retz
13%
1 084 Conquereuil
13%
3 074 Corcoué-sur-Logne
13%
965 Louisfert
13%
684 Massérac
13%
1 424 Pannecé
13%
2 004 Paulx
13%
1 651 Sion-les-Mines
13%
1 606 La Marne
12%
1 520 La Regrippière
12%
1 286 La Remaudière
12%
1 056 Lusanger
12%
684 Villepot
12%
330 Juigné-des-Moutiers
11%
1 241 La Roche-Blanche
11%
586 Noyal-sur-Brutz
11%
1 890 Touvois
11%
472 Fercé
10%
833 Montrelais
10%
1 085 Pouillé-les-Côteaux
10%
705 Ruffigné
10%
Aucun quiz correspondant
Distribution des résultats
% des personnes avec chaque résultat
Percentile par nombre de réponses
Votre historique - résultats
Vous n’avez pas pris ce quiz